Good practice briefing (Record no. 103885)

MARC details
000 -LEADER
fixed length control field 01111cam a2200229 4500
001 - CONTROL NUMBER
control field J128284
008 - FIXED-LENGTH DATA ELEMENTS--GENERAL INFORMATION
fixed length control field 000000n2004 000 0 eng u
035 ## - SYSTEM CONTROL NUMBER
System control number (Sirsi) u128284
041 0# - LANGUAGE CODE
Language code of text/sound track or separate title eng
050 04 - LIBRARY OF CONGRESS CALL NUMBER
Classification number 306 $2 18
110 2# - MAIN ENTRY--CORPORATE NAME
Corporate name or jurisdiction name as entry element Chartered Institute of Housing
9 (RLIN) 2394
245 00 - TITLE STATEMENT
Title Good practice briefing
Remainder of title health and housing
-- issue 29 October 2004
260 ## - PUBLICATION, DISTRIBUTION, ETC.
Place of publication, distribution, etc. Coventry
-- Chartered Institute of Housing
Date of publication, distribution, etc. 2004
300 ## - PHYSICAL DESCRIPTION
Extent 19p.
Dimensions 30cm.
350 ## - PRICE (NR) (BK AM CF MU VM SE) [OBSOLETE]
Price 10
490 #0 - SERIES STATEMENT
Series statement CIH Good Practice Briefing
Volume/sequential designation 29
505 2# - FORMATTED CONTENTS NOTE
Formatted contents note Better homes - healthier living -- Background and context -- Working together -- Housing conditions and health inequalities -- Affordable warmth -- Homelessness -- Older people -- Physical access to housing -- Housing choice and inclusion
520 ## - SUMMARY, ETC.
Summary, etc. Shows how housing contributes to the wider health and social care agenda and highlights the growing importance of close co-operation, strategic planning and commissioning of services across the sectors.
651 #4 - SUBJECT ADDED ENTRY--GEOGRAPHIC NAME
Geographic name England and Wales
Chronological subdivision 1543-
690 ## - LOCAL SUBJECT ADDED ENTRY--TOPICAL TERM (OCLC, RLIN)
Topical term or geographic name as entry element PROPERTY-RESIDENTIAL PROPERTY-RESIDENTIAL PROPERTY MANAGEMENT
942 ## - ADDED ENTRY ELEMENTS (KOHA)
Suppress in OPAC 0
Holdings
Withdrawn status Lost status Source of classification or shelving scheme Damaged status Not for loan Home library Current library Shelving location Date acquired Total Checkouts Full call number Barcode Date last seen Copy number Price effective from Koha item type
    Dewey Decimal Classification     London London Enquiry desk 13/12/2004   BOXED SET 30069747 06/08/2019 1 06/08/2019 Book